| 000 | 00512nam a2200157 i 4500 | ||
|---|---|---|---|
| 001 | 62710 | ||
| 003 | ES-MaACL | ||
| 005 | 20230906164721.0 | ||
| 007 | t| | ||
| 008 | 031125s1969 sp ||||1| spa d | ||
| 100 | 1 |
_aFernández-Barreiro, Alejandrino. _949503 |
|
| 245 | 1 | 3 |
_aLa previa información del adversario en el proceso privado romano / _cAlejandrino Fernández Barreiro. |
| 260 |
_aPamplona : _bUniversidad de Navarra, _c1969. |
||
| 300 |
_aXXIV, 523 p. ; _c22 cm. |
||
| 852 |
_aES-MaACL _jC-38349 _bR.70830 |
||
| 999 |
_c62710 _d62710 |
||